000 01427nam a22003494a 4500
001 ebr10112951
003 CaPaEBR
006 m u
007 cr cn|||||||||
008 030724s2003 mnua sb 000 0 eng
010 _z 2003272661
020 _z0738428469
040 _aCaPaEBR
_cCaPaEBR
035 _a(OCoLC)560315905
050 1 4 _aTK5105.888
_b.I265 2003eb
245 0 0 _aIBM eserver iSeries pocket handbook
_h[electronic resource] :
_bversion 5, release 2, January 2003 /
_cIBM, International Technical Support Organization.
250 _a3rd ed.
260 _a[Rochester, Minn.] :
_bIBM,
_c2003.
300 _avi, 106 p. :
_bill.
490 1 _aRedbooks
500 _aThe "e" in "eserver" is printed as the symbol for electronic.
504 _aIncludes bibliographical references (p. 105-106).
533 _aElectronic reproduction.
_bPalo Alto, Calif. :
_cebrary,
_d2013.
_nAvailable via World Wide Web.
_nAccess may be limited to ebrary affiliated libraries.
630 0 0 _aOS/400.
650 0 _aWeb servers.
650 0 _aIBM computers
_xProgramming.
655 7 _aElectronic books.
_2local
710 2 _aInternational Business Machines Corporation.
_bInternational Technical Support Organization.
710 2 _aebrary, Inc.
830 0 _aIBM redbooks.
856 4 0 _uhttp://site.ebrary.com/lib/rucke/Doc?id=10112951
_zAn electronic book accessible through the World Wide Web; click to view
999 _c211236
_d211236